| 000 | 00871nam a2200277 a 4500 | ||
|---|---|---|---|
| 001 | 000045717 | ||
| 003 | DO-SdBNP | ||
| 005 | 20240228085405.0 | ||
| 007 | ta | ||
| 008 | 150505s201800 dr a 000 p spaspa | ||
| 020 | _a9789945196665 | ||
| 040 |
_aDO-SdBNP _bspa _cBNPHU |
||
| 082 | 4 |
_aRD861.44 _bU75m _222 |
|
| 100 | 1 |
_aUreña de Henríquez, Salomé , _d1850-1897 _9920 |
|
| 245 | 1 | 0 |
_aMi Pedro y otros poemas _cSalomé Ureña de Henríquez,. |
| 260 |
_aSanto Domingo : _bLoqueleo, _c2018 |
||
| 300 |
_a99 p. ; _c21 cm. |
||
| 490 | 1 | _a Azul, Antología Poética | |
| 590 | _aInventariado, 2022 / DG | ||
| 600 | 1 | 0 |
_aUreña de Henríquez, Salomé , _d1850-1897 _9920 |
| 650 | 1 | 4 |
_aPoesía dominicana _966 |
| 650 | 1 | 4 |
_aLiteratura dominicana _92251 |
| 830 |
_a Azul, Antología Poética _982270 |
||
| 910 | _aD/G/Validado. Control de calidad MFF | ||
| 942 |
_2ddc _cLBS1 |
||
| 999 |
_c51456 _d51456 |
||